Statistics for Europe's 10 Wettest Major Cities

Click here to take the quiz!

General Stats

  • This quiz has been taken 48 times
  • The average score is 4 of 10

Answer Stats

precip inchesprecip mmcity% Correct
44.31124Glasgow
86%
41.21048Zurich
66%
38.1967Munich
64%
48.01219Tirana
39%
38.6981Turin
39%
40.31024Leeds
34%
53.91368Ljubljana
32%
39.71008Naples
27%
37.5952Andorra La Vella
25%
65.41661Podgorica
25%

Score Distribution

Percentile by Number Answered

Percent of People with Each Score

Your Score History

You have not taken this quiz